[Event "Wch Seniors 50 29th"]
[Site "Bucharest"]
[Date "2019.11.14"]
[Round "3"]
[White "Ivanov, Sergei V"]
[Black "Wolf, Eran"]
[Result "1-0"]
[WhiteElo "2138"]
[BlackElo "1813"]
[PlyCount "81"]
[EventDate "2019.11.12"]
[EventType "swiss"]
[EventRounds "11"]
[EventCountry "ROU"]
[SourceTitle "CBM 193 Extra"]
[Source "ChessBase"]
[SourceDate "2020.01.31"]
[SourceVersion "1"]
[SourceVersionDate "2020.01.31"]
[SourceQuality "1"]

1. Nf3 Nf6 2. g3 g6 3. Bg2 Bg7 4. d3 c5 5. 0-0 0-0 6. Nc3 d5 7. a3 Nc6 8. Rb1 a5 9. Bd2 a4 10. Re1 d4 11. Nb5 Be6 12. c4 dxc3 13. bxc3 Bb3 14. Qc1 e5 15. Be3 Qe7 16. c4 Rad8 17. Nd2 Na5 18. Bg5 h6 19. Bxf6 Bxf6 20. Nc3 Bg7 21. Nd5 Qe6 22. Ne4 b6 23. Nec3 Kh7 24. Qd2 f5 25. e4 f4 26. f3 g5 27. Qf2 Rb8 28. Qf1 h5 29. Re2 g4 30. Rf2 fxg3 31. hxg3 h4 32. fxg4 hxg3 33. Rf5 Rxf5 34. exf5 Qh6 35. Qf3 Qh2+ 36. Kf1 Nxc4 37. Ke2 Nxa3 38. Rh1 Re8 39. Rxh2+ gxh2 40. Qh3+ Kg8 41. f6 1-0